00571nam a2200229Ia 4500003000400000005001700004006001900021007000300040008004100043024001100084037001200095040001800107041001300125082001600138100001900154245004900173250000900222260006200231300000900293650001700302700002200319OSt20221007103026.0a|||||r|||| 00| 0 ta221006b |||||||| |||| 00| 0 eng d a12,005 cTextual aLCOcLCObeng 2engaeng aX72:(Z), N6 aSinghania V.K. 0aDirect Taxes b Law and Practice 1996-97  a17th aNewbDelhi Taxmann Publications (P.) Ltd. India c1996 a1189 aDIRECT TAXES a Singhania Jeewan